00358nam a2200109Ia 4500008004000000082001700040100002800057245006900085260004800154300001200202650003400214210210b1954 xxu||||| |||| 00| 0 eng d a324.973 BERV aBernard (R) and Others. aVoting: a study of opinion formation in a Presidential Campaign. aChicagobUniversity of Chicago Press.c1954 axix,395 aImperialism capitalism voting